| 000 | 00000nam##2200000za#4500 |
| 001 | 9.616692 |
| 003 | CaOODSP |
| 005 | 20211126112847 |
| 007 | ta |
| 008 | 150406|2003||||xxc||||| f|0| 0 eng|d |
| 022 | |a1192-5434 |
| 040 | |aCaOODSP|beng |
| 043 | |an-cn--- |
| 086 | 1 |aFB3-2/103-42E |
| 110 | 2 |aBank of Canada. |
| 245 | 12|aA Structural VAR approach to the intertemporal model of the current account / |cby Takashi Kano. |
| 260 | |bBank of Canada |c2003. |
| 300 | |av, 33p. : |bgraphs, references, tables ; |c28 cm. |
| 490 | 1 |aWorking paper|x1192-5434|v2003-42 |
| 520 | 3 |aThis working paper is part of a series that examines a range of economic and financial issues of interest to bankers, economists and policymakers. |
| 546 | |a(Résumés en français.) |
| 563 | |aSoftcover |
| 590 | |a04-02|b2004-01-09 |
| 720 | 1 |aKano, Takashi |
| 776 | 0#|tA Structural VAR approach to the intertemporal model of the current account / |w(CaOODSP)9.580610 |
| 830 | #0|aWorking paper,|x1192-5434|v2003-42|w(CaOODSP)9.514622 |